Els Molins de la Riera de Taradell : aproximació històrica i arqueològica / aproximació històrica i arqueològica /
ISBN:
9788409665174
Descripción Física:
113 pàgines : il·lustracions ; 24 cm
Descripción:
Aquest llibre és el resultat d'una recerca encarregada per l'Ajuntament de Taradell a la Universitat Autònoma de Barcelona l'any 2021, que tenia com a objectiu realitzar un estudi històric i arqueològic del sistema hidràulic dels molins de la Riera de Taradell. Els resultats obtinguts...
Materias:
Aigua -- Abastament -- Història -- Taradell (Catalunya)
; Molins hidràulics -- Taradell (Catalunya) -- Història
; Taradell, Riera de (Catalunya : Curs d'aigua)
Idioma:
Catalán
MARC
| LEADER | 00000nam a2200000 i 4500 | ||
|---|---|---|---|
| 001 | 28925 | ||
| 003 | AGDB | ||
| 005 | 20260324181533.0 | ||
| 008 | 250121e202412 spc|||| |||| 0|0 0 cat| | ||
| 015 | |a LL2025 |2 bnc | ||
| 017 | |a B 19563-2024 |b Biblioteca de Catalunya | ||
| 020 | |a 9788409665174 | ||
| 040 | |a ES-BaBC |b cat |e rda |c ES-BaBC | ||
| 043 | |a e-sp--- |b e-spcos |2 catmarc | ||
| 080 | |a 351.778.3 |x (460.23) |x (091) |2 2004 | ||
| 080 | |a 621.223 |x (460.23) |x (091) |2 2004 | ||
| 100 | 1 | |a Díaz-Sierra, Ignacio, |e autor |9 72228 | |
| 245 | 1 | 4 | |a Els Molins de la Riera de Taradell : |b aproximació històrica i arqueològica / |c Ignacio Díaz-Sierra, Jaume Oliver Bruy, Núria Pacheco Catalán ; presentació d'Helena Kirchner |
| 250 | |a Primera edició: desembre de 2024 | ||
| 264 | 1 | |a Taradell : |b Ajuntament de Taradell ; |c 2024 | |
| 300 | |a 113 pàgines : |b il·lustracions ; |c 24 cm | ||
| 336 | |a text |b txt |2 rdacontent | ||
| 337 | |a sense mediació |b n |2 rdamedia | ||
| 338 | |a volum |b nc |2 rdacarrier | ||
| 500 | |a Als preliminars: "Amb el suport de la Diputació de Barcelona". | ||
| 504 | |a Bibliografia: pàgines 107-110. | ||
| 520 | |a Aquest llibre és el resultat d'una recerca encarregada per l'Ajuntament de Taradell a la Universitat Autònoma de Barcelona l'any 2021, que tenia com a objectiu realitzar un estudi històric i arqueològic del sistema hidràulic dels molins de la Riera de Taradell. Els resultats obtinguts serien després aplicats al disseny i activació de la Ruta de l'Aigua de Taradell. La Ruta, avui, ja existeix i el llibre també és una realitat. Teniu a les mans, doncs, la concreció d'un projecte que des del principi va unir la recerca acadèmica -vinculada, al seu torn, a una línia d'investigació d'abast europeu-i la voluntat de promoure el coneixement i la valoració de la història i el patrimoni locals. |2 -- Contracoberta | ||
| 650 | 0 | |a Aigua |x Abastament |x Història |z Taradell (Catalunya) |9 72232 | |
| 650 | 0 | |a Molins hidràulics |z Taradell (Catalunya) |x Història |9 72233 | |
| 651 | 0 | |a Taradell, Riera de (Catalunya : Curs d'aigua) |9 72234 | |
| 700 | 1 | |a Oliver, Jaume, |d 1969- |e autor |9 72229 | |
| 700 | 1 | |a Pacheco Catalán, Núria, |e autora |9 72230 | |
| 700 | 1 | |a Kirchner, Helena, |d 1963- |e escriptora d'una presentació |9 72231 | |
| 710 | 1 | |a Taradell (Catalunya). |b Ajuntament |e entitat editora |9 51602 | |
| 908 | |a BC | ||
| 940 | |a BC | ||
| 942 | |2 udc |c ARXIU |n 1 | ||
| 952 | |0 0 |1 0 |4 0 |6 BIB1319 |7 1 |9 98219 |a Arxiu |b Arxiu |d 2025-06-30 |l 0 |o Bib-1319 |p 28925 |r 2025-06-30 00:00:00 |w 2025-06-30 |y ARXIU | ||
| 999 | |c 129997 |d 129997 | ||